|
|
|
|
| LEADER |
01188nam a2200325 4500 |
| 001 |
000025297 |
| 003 |
21790 |
| 005 |
20170920080908.0 |
| 008 |
170915s2016 viesd |
| 020 |
|
|
|a 9786045431849
|c 125000
|
| 041 |
0 |
|
|a vie
|
| 082 |
1 |
4 |
|a 181.19597
|b NG-C
|
| 100 |
1 |
|
|a Nguyễn Bá Cường
|
| 245 |
1 |
0 |
|a Vấn đề con người trong lịch sử tư tưởng Việt Nam thế kỷ XV-XVIII
|b (Qua một số nhà tư tưởng)
|c Nguyễn Bá Cường
|
| 260 |
|
|
|a H.
|b Đại học sư phạm
|c 2016
|
| 300 |
|
|
|a 295 tr.
|c 24 cm.
|
| 650 |
0 |
4 |
|a Tư tưởng
|x Lịch sử
|y Thế kỉ 15-18
|z Việt Nam
|
| 653 |
|
|
|a Con người
|
| 653 |
|
|
|a Lịch sử tư tưởng
|
| 653 |
|
|
|a Tư tưởng Việt Nam
|
| OWN |
|
|
|a LSP
|
| AVA |
|
|
|a UDN50
|b LSP
|d 181.19597 NG-C
|e available
|t Error 5001 Not defined in file expand_doc_bib_avail.
|f 3
|g 0
|h N
|i 0
|k 1
|
| 999 |
|
|
|a From the UDN01
|
| AVA |
|
|
|a UDN50
|b LSP
|d 181.19597 NG-C
|e available
|t Error 5001 Not defined in file expand_doc_bib_avail.
|f 3
|g 0
|h N
|i 0
|k 1
|
| TYP |
|
|
|a Monograph
|
| TYP |
|
|
|a Printed language
|
| 980 |
|
|
|a Mạng thư viện Đại học Đà Nẵng
|